| 000 | 00387nam a22001577a 4500 | ||
|---|---|---|---|
| 999 |
_c3674 _d3674 |
||
| 003 | Nust | ||
| 005 | 20170105101222.0 | ||
| 008 | 161123b xxu||||| |||| 00| 0 eng d | ||
| 040 | _cloc | ||
| 082 | _2297.071 | ||
| 100 | _4A.S . Bukhari | ||
| 245 | _aIslamic education for B.A ,B.Sc,B.Com, B.B.A, MBA | ||
| 260 |
_aLahore _bAziz Book Depot _c2012 |
||
| 300 | _a372p | ||
| 942 |
_2ddc _cBK |
||